Normal view
MARC view
Entry Personal Name
001 - CONTROL NUMBER
- control field: 58164
003 - CONTROL NUMBER IDENTIFIER
- control field: OSt
005 - DATE AND TIME OF LATEST TRANSACTION
- control field: 20251211122423.0
008 - FIXED-LENGTH DATA ELEMENTS
- fixed length control field: 251211|| aca||aabn | a|a d
040 ## - CATALOGING SOURCE
- Original cataloging agency: OSt
- Transcribing agency: OSt
100 ## - HEADING--PERSONAL NAME
- Personal name: Ranade, V.S.
670 ## - SOURCE DATA FOUND
- Source citation: Work cat.: (OSt): Ranade, V.S., The lines of fire: A history of cartographic conflictS.
